000 01128nam a2200253 a 4500
999 _c1711
_d1711
003 AR-BaISA
005 20241107092114.0
006 aado fr|||| 000 0
007 ta
008 241106s2004 ag ado|f |||| 000 0 spa d
020 _a2915818037
020 _a8401655 (Obra Completa)
040 _bspa
_cAR-BaISA
082 0 4 _222
_a616.722 3 Ex71
245 _aTratamiento de la osteoartritis
260 _a[París]:
_bExpascience,
_c2004
300 _a27 p.:
_bil., graf., tablas. fotos
500 _aContiene un señalador integrado al final de la obra.
505 _tIndicaciones terapéuticas --
_tAgentes "anti-osteoartrósicos" --
_tAnalgésicos y osteoartrosis --
_tDrogas antiinflamatorias no esteorides y osteoartrosis --
_tCorrección quirúrgica de la osteoartrosis --
_tTratamientos locales. La fisioterapia --
_tEl seguimiento una OA tratada --
_tEsquemas terapéuticos y líneas de investigación
650 1 4 _93541
_aOsteoartrosis
650 1 4 _93542
_aArtritis degenerativa
942 _2ddc
_cLI
_e22
773 0 _01709
_93285
_a
_b
_d[París]: Expascience, 2004
_o5328
_tOsteoartrosis
_w
_x
_z8401655 (Obra Completa)